Využívanie externých zdrojov financovania z fondov EU v MSP

Rozvoj malého a stredného podnikania do roku 2008 a rýchly ekonomický rast na Slovensku. Globálne problémy ekonomickej krízy. Alternatívne možnosti riešenia formou získania zdrojov z fondov Európskej únie. Spolupráca podnikateľských subjektov pri spracovávaní projektov.

Saved in:
Bibliographic Details
Main Author: Šúbertová, Elena
Format: Book Chapter
Language:Slovak
Subjects:
Tags: Add Tag
No Tags, Be the first to tag this record!

MARC

LEADER 00000nla$a2200000$$$4500
001 0105321
005 20240521122737.3
041 0 |a slo 
044 |a SK 
245 1 0 |a Využívanie externých zdrojov financovania z fondov EU v MSP  |c Elena Šúbertová 
520 |a Rozvoj malého a stredného podnikania do roku 2008 a rýchly ekonomický rast na Slovensku. Globálne problémy ekonomickej krízy. Alternatívne možnosti riešenia formou získania zdrojov z fondov Európskej únie. Spolupráca podnikateľských subjektov pri spracovávaní projektov. 
610 2 0 |a podnik malý 
610 2 0 |a podnikanie 
610 2 0 |a fondy finančné 
610 2 0 |a Európska únia 
610 2 0 |a spolupráca medzinárodná 
100 1 |a Šúbertová, Elena